Indian economy: (Record no. 16046)

MARC details
000 -LEADER
fixed length control field 00981nam a22002537a 4500
005 - DATE AND TIME OF LATEST TRANSACTION
control field 2008092903563.0
008 - FIXED-LENGTH DATA ELEMENTS--GENERAL INFORMATION
fixed length control field 080929t xxu||||| |||| 00| 0 eng d
010 ## - LCCN (DPL NO)
LC control number ENG-91074
020 ## - INTERNATIONAL STANDARD BOOK NUMBER
International Standard Book Number 9788184500554
Terms of availability 1500.00
035 ## - SYSTEM CONTROL NUMBER
System control number EN-74607
037 ## - SOURCE OF ACQUISITION
Source of stock number/acquisition DBAD / PUB
040 ## - CATALOGING SOURCE
Original cataloging agency DPL
082 ## - DEWEY DECIMAL CLASSIFICATION NUMBER
Classification number 338.954
245 ## - TITLE STATEMENT
Title Indian economy:
Statement of responsibility, etc edited by J. felix Raj
Remainder of title economic ideas, development and financial reforms /
260 ## - PUBLICATION, DISTRIBUTION, ETC. (IMPRINT)
Place of publication, distribution, etc New Delhi
Name of publisher, distributor, etc Deep & Deep Publications
Date of publication, distribution, etc 2008
300 ## - PHYSICAL DESCRIPTION
Extent xxii, 392p.
Dimensions 24cm.(Hb)
500 ## - GENERAL NOTE
General note Essays in honour of Professor Raj Kumar Sen : a tributefrom Research Scholars
500 ## - GENERAL NOTE
General note Include index
651 ## - SUBJECT ADDED ENTRY--GEOGRAPHIC NAME
Geographic name India
General subdivision Economic policy
Chronological subdivision 1947-
651 ## - SUBJECT ADDED ENTRY--GEOGRAPHIC NAME
Geographic name India
General subdivision Economic policy
Chronological subdivision 1991-
700 ## - ADDED ENTRY--PERSONAL NAME
Personal name Felix Raj, J.
942 ## - ADDED ENTRY ELEMENTS (KOHA)
Source of classification or shelving scheme Dewey Decimal Classification
Item type English Books
Call number suffix IND
Classification part 338.954
Holdings
Withdrawn status Lost status Source of classification or shelving scheme Damaged status Not for loan Home library Current library Date acquired Source of acquisition Cost, normal purchase price Total Checkouts Full call number Barcode Date last seen Cost, replacement price Koha item type
    Dewey Decimal Classification   Not For Loan D.B.Act.Division D.B.Act.Division 30/09/2008 DBAD / PUB 1500.00   338.954 IND EN-74607 30/09/2008 1500.00 English Books

© Delhi Public Library
Hit Counter
free hit counter